|
|
|
|
| LEADER |
00999nam a2200241 a 4500 |
| 001 |
GR-MES2738 |
| 008 |
991111s1994 gr 000 0 gre d |
| 020 |
|
|
|a 9607306570
|
| 040 |
|
|
|a GrPaTEI
|b gre
|c GR-PaULI
|
| 245 |
0 |
0 |
|a Ψηφιακά συστήματα :
|b Εννοιες και αρχές λογικής σχεδίασης.
|
| 260 |
|
|
|a Αθήνα :
|b Σταμούλης Α,
|c 1994
|
| 300 |
|
|
|a 244σελ. :
|b εικ.,πιν.
|
| 650 |
|
4 |
|a Αρχιτεκτονική υπολογιστών
|
| 650 |
|
4 |
|a Η/Υ
|
| 650 |
|
4 |
|a ΛΟΓΙΚΗ ΣΧΕΔΙΑΣΗ
|
| 650 |
|
4 |
|a ΨΗΦΙΑΚΑ ΣΥΣΤΗΜΑΤΑ
|
| 700 |
1 |
|
|a Καστανιά, Α.
|
| 700 |
1 |
|
|a Μπεκάκος, Μ.
|
| 710 |
0 |
|
|a Σταμούλης Α
|
| 942 |
|
|
|2 ddc
|
| 952 |
|
|
|0 0
|1 0
|2 ddc
|4 0
|6 005_720000000000000_ΜΠΕ
|7 0
|9 267164
|a MSLG
|b MSLG
|c BSC
|d 2021-01-17
|e 24
|f 0
|g 0.00
|l 0
|o 005.72 ΜΠΕ
|p 2420000005702
|r 2021-01-17 00:00:00
|t 1
|w 2021-01-17
|y BK15
|x 19991111 0 1
|x GrPaTEI
|
| 971 |
|
|
|a .b25737831
|b 16-04-20
|c 13-09-16
|
| 999 |
|
|
|c 153794
|d 153794
|